| 000 | 01110nam a2200349 c 4500 | ||
|---|---|---|---|
| 001 | 24042 | ||
| 003 | ES-MaCES | ||
| 005 | 20150929135441.0 | ||
| 008 | 111021s2011 sp d t 000 | spa d | ||
| 035 | _aCES20110007984m | ||
| 040 |
_aES-MaCES _bspa _cES-MaCES |
||
| 245 | 0 | 4 |
_aLas PYME _b: clave para recuperar el crecimiento y el empleo |
| 260 |
_aMadrid _bCírculo de Empresarios _c2011 |
||
| 300 |
_a57 p. _bgráf. col. _c30 cm |
||
| 490 | 1 |
_aDocumentos Círculo _vjul.-sept. 2011 |
|
| 504 | _aBibliografía: p. 69-70 | ||
| 541 | _cGratuito | ||
| 650 | 4 |
_apequeña empresa _930173 |
|
| 650 | 4 |
_acrisis económica _927102 |
|
| 650 | 4 |
_acrecimiento económico _927094 |
|
| 650 | 4 |
_aempleo _928299 |
|
| 650 | 4 |
_aajuste estructural _930358 |
|
| 650 | 4 |
_aEspaña _926964 |
|
| 650 | 4 |
_aplan de acción _930406 |
|
| 653 | 1 | 0 | _aEmpresa |
| 650 | 4 |
_929242 _acreación de empleos |
|
| 710 | 2 |
_aCírculo de Empresarios _eed. _91954 |
|
| 830 | 0 |
_aDocumentos Círculo _vjul.-sept. 2011 _932346 |
|
| 902 | _aDOC Literatura gris | ||
| 942 |
_2CES _cBK _h0.0. |
||
| 999 |
_c24042 _d24042 |
||